Bank Recruitmant test (Record no. 1020968)

MARC details
000 -LEADER
fixed length control field 00421nam a2200181Ia 4500
008 - FIXED-LENGTH DATA ELEMENTS--GENERAL INFORMATION
fixed length control field 151018s9999 xx 000 0 und d
082 ## - DEWEY DECIMAL CLASSIFICATION NUMBER
Item number RBASDV20341
Classification number 351.3
100 ## - MAIN ENTRY--PERSONAL NAME
Personal name Yardi
245 ## - TITLE STATEMENT
Title Bank Recruitmant test
250 ## - EDITION STATEMENT
Remainder of edition statement 1
260 ## - PUBLICATION, DISTRIBUTION, ETC. (IMPRINT)
Name of publisher, distributor, etc anand pustak mandir
300 ## - PHYSICAL DESCRIPTION
Extent 96
600 ## - SUBJECT ADDED ENTRY--PERSONAL NAME
Personal name Yardi
630 ## - SUBJECT ADDED ENTRY--UNIFORM TITLE
Uniform title Bank Recruitmant test
700 ## - ADDED ENTRY--PERSONAL NAME
Personal name Yardi
730 ## - ADDED ENTRY--UNIFORM TITLE
Uniform title Bank Recruitmant test
942 ## - ADDED ENTRY ELEMENTS (KOHA)
Koha item type Book
Holdings
Withdrawn status Lost status Damaged status Not for loan Home library Current library Date acquired Cost, normal purchase price Total Checkouts Full call number Barcode Date last seen Cost, replacement price Price effective from Koha item type
        R.B. Anant Shivaji Desai Vachanalaya and Granthalaya, Kudal R.B. Anant Shivaji Desai Vachanalaya and Granthalaya, Kudal 04/07/2009 21.00   RBASDV20341 RBASDV20341 10/18/2015 21.00 10/18/2015 Book